Brujas y sus maravillas (Record no. 60273)

MARC details
000 -LÍDER
campo de controle de tamanho fixo 00293 a2200121 4500
001 - NÚMERO DE CONTROLE
campo de controle 60273
040 ## - FONTE DA CATALOGAÇÃO
Instituição que transcreveu o registro Anchieta - Pituba
240 10 - TÍTULO UNIFORME
Título uniforme Brujas y sus maravillas
Idioma da obra por
245 10 - TÍTULO
Título Brujas y sus maravillas
300 ## - DESCRIÇÃO FÍSICA
Extensão 91
650 #4 - ASSUNTO--TERMO TÓPICO
Cabeçalho tópico ou nome geográfico Tratamento histórico e geográfico de pessoas
942 ## - ELEMENTOS DE ENTRADA ADICIONADOS (KOHA)
Tipo de material Koha Livros
Holdings
Situação do descarte Situação das perdas Situação física Não pode ser emprestado Biblioteca de origem Biblioteca atual Data de aquisição Total de empréstimos Número de chamada completo Código de barras Data de último acesso Data do preço efetivo Tipo de material Koha
        Colégio Anchieta - Pituba Colégio Anchieta - Pituba 21/11/2023   910.9 B892b BRU 11923/PIT 21/11/2023 21/11/2023 Livros